000 00722nam a2200181 a 4500
008 201117s2017 ||||||||||||||||| || u
020 _a9781473634404
050 _aPZ 7.H584
100 _aWhite, Oli
245 1 0 _aGeneration Next
_cBy Oli Whte
260 _aLondon
_bHodder and Stoughton Ltd
_c2017
260 _aLondon
_bHodder and Stoughton
_c2017
300 _a312 pages
350 _a19.78
650 _aENGLISH LANGUAGE
995 _aFICTION Collection
_e905208
_FCBU-SCHOOL OF MEDICINE LIBRARY (Ndola)
_I19.78
_jPZ 7.H584
_M1
_UAVAILABLE
_WNov 20, 2020
_y905208
_ZFiction Collection
995 _aFICTION Collection
_e750499
_FCBU-MAIN LIBRARY (Kitwe)
_I19.78
_jPZ 7.H584
_M2
_UAVAILABLE
_WDec 7, 2020
_y750499
_ZFiction Collection
999 _c63899
_d63899